Paris SG - Les joueurs à plus de 100 matchs depuis 2010 - Statistiques

Statistiques générales
  • Ce quiz a été pris 1 814 fois
    1 067 depuis la dernière actualisation
  • Le résultat moyen est 22 sur 42
Statistiques - réponses
P Joueurs Matchs % Correct
A Kylian Mbappé 260
99%
M Marco Verratti 416
95%
D Marquinhos 407
94%
A Edinson Cavani 301
93%
D Thiago Silva 315
93%
A Zlatan Ibrahimovic 180
93%
A Neymar 173
91%
M Blaise Matuidi 295
80%
D Presnel Kimpembe 236
80%
M Thiago Motta 231
77%
A Angel Di Maria 295
76%
G Salvatore Sirigu 190
74%
G Keylor Navas 108
73%
M Javier Pastore 269
71%
D Maxwell 214
68%
A Ezequiel Lavezzi 161
66%
G Alphonse Areola 107
62%
D Layvin Kurzawa 153
58%
M Lucas Moura 229
58%
M Adrien Rabiot 227
53%
D Christophe Jallet 198
47%
M Julian Draxler 198
46%
D Thomas Meunier 128
44%
D Juan Bernat 128
43%
D Grégory Van der Wiel 132
42%
D Mamadou Sakho 201
40%
A Nene 112
40%
A Guillaume Hoarau 161
36%
M Clémént Chantome 249
33%
A Jérémy Menez 110
32%
M Danilo Pereira 123
31%
M Leandro Paredes 117
31%
M Idrissa Gueye 111
28%
D Sylvain Armand 380
23%
D Zoumana Camara 224
22%
D Thilo Kehrer 128
21%
A Mevlut Erding 110
18%
M Claude Makélélé 118
12%
D Marcos Ceara 197
11%
A Péguy Luyindula 180
11%
A Ludovic Giuly 125
9%
M Jérémy Clément 192
8%
Aucun quiz correspondant
Distribution des résultats
% des personnes avec chaque résultat
Percentile par nombre de réponses
Votre historique - résultats
Vous n’avez pas pris ce quiz depuis la dernière actualisation